000 01029nas a2200313 4500
001 BR9214121
003 BR-BrBNA
005 20231205093555.0
007 ta
008 230509b bl.|||p| |||| 00| 00por d
040 _aBR-BrBNA
_bpor
_cBiblioteca Nacional de Agricultura
041 _a(Pt)
072 _aL01
100 1 _aRoda, D.S.
100 1 _aSantos, L.E. dos
100 1 _aDupas, W.
100 1 _aCunha, E.A.
100 1 _aFeitoza, A.S.L.
245 1 _aAvaliacao do peso ao nascer e ao desmame e mortalidade pre-desmame em cordeiros Santa Ines, Suffolk e cruzados Suffolk
246 1 _aBirth and weaning weight and pre-weaning mortality of Santa Ines, Suffolk and crossbred Suffolk sheep
650 _aOvino
650 _aPeso
650 _aDesmama
650 _aCruzamento Animal
650 _aMortalidade Animal
773 0 _tBoletim de Industria Animal (Brazil)
_xISSN 0067-9615
_g(Jul-Dec 1990), v. 47(2) p. 153-157
_wBR9214121
909 _a202311
_bLúcia
_c55
_dLúcia Elande
942 _2AGRIS
_n0
_cANA
999 _c139235
_d139235